| 000 | 01758nam a22001577a 4500 | ||
|---|---|---|---|
| 999 |
_c527654 _d527654 |
||
| 008 | 240913b ||||| |||| 00| 0 eng d | ||
| 100 |
_aMahendra, M.V.S. and Ghosh,Seema _958140 |
||
| 245 | _aA study on the impact of TS-iPASS on industrial development in Telangana | ||
| 260 | _aBihar Journal of Public Administration | ||
| 300 | _a21(1), Jan-Jun, 2024: p.108-116 | ||
| 520 | _aTelangana is one of the youngest states in India formed in the year 2014. Over the past ten years it has shown a phenomenal growth in education, health care, industrial sector. The main objective of the present study is to study the impact of TS-iPASS on industrial development, i.e. Industrial growth, employment & investments. Descriptive statistics & graphs have been used to anlayse the data for the present study. The study results show that TS-iPASS has made a significant role in the industrial growth rate from 6.9% to 15.6%. The study further identifies that the total employment generated through TS-iPASS shows a diverse trend with a significant increase in employment from 2014-15 to 2018-19. The Telangana Government has shown a consistent and sustained growth trend in per capita income since its formation. The food processing and agro based sector showed consistent increase in approved units by TS-iPASS reflecting growth emphasis on adding value to agricultural products. Thus TS-iPASS has a positive impact on the industrial development in Telangana. – Reproduced http://www.iipabiharbranch.org/upload/BJPA_Vol.%20XXI%20No.%201%20Jan-June.%202024.pdf | ||
| 650 |
_aTS-iPASS, Employment, Investments, Industrial growth, Telangana. _947613 |
||
| 773 | _aBihar Journal of Public Administration | ||
| 906 | _aINDUSTRIAL DEVELOPMENT | ||
| 942 | _cAR | ||